LEADER 01298nam a2200241 4500 001 000000343296 003 CaOOAMICUS 005 20240717103821.0 008 201209n it a 000 u ita r 040 $aSeMil$bita 100 1 $aPolo, Marco,$d<1254-1324>.$0(OLS)http://semarc/name/19489 240 10$aMilione.$0(OLS)http://semarc/title/433664 245 13$aIl Milione segreto :$bi costumi, le genti, i riti, gli amori scoperti dal grande viaggiatore veneziano /$cMarco Polo ; nella trascrizione e con le note storiche di Guido Gerosa. 264 1$a[Milano] :$bAlberto Peruzzo Editore,$c[19-?] 300 $a2 v. ;$c29 cm 650 4$aPolo, Marco <1254-1324> . Il Milione.$0(OLS)http://semarc/subject/46692 650 4$aViaggi - Descrizioni letterarie - Asia - sec. 13.$0(OLS)http://semarc/subject/55901 700 1 $aGerosa, Guido.$0(OLS)http://semarc/name/6170 774 0 $tVol. 1.$d[Milano] : Alberto Peruzzo Editore, [19-?]$w()343297 774 0 $tVol. 2.$d[Milano] : Alberto Peruzzo Editore, [19-?]$w()343298 996 $6245$aIl Milione segreto :$bi costumi, le genti, i riti, gli amori scoperti dal grande viaggiatore veneziano$9(OLS)http://semarc/title/432269 996 $6264$a[Milano] :$bAlberto Peruzzo Editore$9(OLS)http://semarc/publisher/59418 LEADER 01127nam a2200229 i 4500 001 000000241499 003 CaOOAMICUS 005 20150505000000.0 008 150505s1984 it u000 u ita u 013 $a220404 040 $aSeMil$bita 100 1 $aRossi de Gasperis, Francesco,$c.$0(OLS)http://semarc/name/3731 245 10$aEsercizi Spirituali per immettersi nell'itinerario della Fede Biblica /$cFrancesco Rossi de Gasperis. 260 $aRoma :$bCentrum Ignatianum Spiritualitatis,$c1984. 300 $a56 p. ;$c23 cm. 650 4$aLectio divina.$0(OLS)http://semarc/subject/2808 650 4$aBibbia e Esercizi spirituali.$0(OLS)http://semarc/subject/2588 650 4$aIgnazio : di Loyola - Esercizi spirituali - Studi.$0(OLS)http://semarc/subject/5163 850 $aSeMil 852 $aSeMil$W1$xVenegono$y1$m5D XI 14/37$j191845$B191845$CSeMilBibl$Z2$F202643 $81 996 $6245$aEsercizi Spirituali per immettersi nell'itinerario della Fede Biblica$9(OLS)http://semarc/title/343219 996 $6260$aRoma :$bCentrum Ignatianum Spiritualitatis$9(OLS)http://semarc/publisher/32286